El coronel no tiene quien le escriba / (Registro nro. 6519)
[ vista simple ]
| 000 -LEADER | |
|---|---|
| fixed length control field | 01482cam a2200265 a 4500 |
| 003 - CONTROL NUMBER IDENTIFIER | |
| control field | OSt |
| 005 - DATE AND TIME OF LATEST TRANSACTION | |
| control field | 20250611153655.0 |
| 008 - FIXED-LENGTH DATA ELEMENTS--GENERAL INFORMATION | |
| fixed length control field | 200213t2002 ck gr 000 f spa d |
| 020 ## - INTERNATIONAL STANDARD BOOK NUMBER | |
| International Standard Book Number | 9588089425 |
| 040 ## - CATALOGING SOURCE | |
| Original cataloging agency | Co-BoPUJ |
| Transcribing agency | CO-JMCR |
| 041 0# - LANGUAGE CODE | |
| Language code of text/sound track or separate title | spa |
| 082 04 - DEWEY DECIMAL CLASSIFICATION NUMBER | |
| Classification number | A-N |
| Item number | GARc1 |
| 100 1# - MAIN ENTRY--PERSONAL NAME | |
| Personal name | García Márquez, Gabriel, |
| Relator term | autor |
| 9 (RLIN) | 578 |
| 245 13 - TITLE STATEMENT | |
| Title | El coronel no tiene quien le escriba / |
| Statement of responsibility, etc. | Gabriel García Márquez |
| 260 ## - PUBLICATION, DISTRIBUTION, ETC. | |
| Place of publication, distribution, etc. | Bogotá : |
| Name of publisher, distributor, etc. | El Tiempo, |
| Date of publication, distribution, etc. | ©2002 |
| 300 ## - PHYSICAL DESCRIPTION | |
| Extent | [95] páginas ; |
| Dimensions | 21 cm. |
| 490 0# - SERIES STATEMENT | |
| Series statement | Biblioteca El Tiempo. Serie II clásicos |
| 500 ## - GENERAL NOTE | |
| General note | Incluye datos biográficos del autor. |
| 520 ## - SUMMARY, ETC. | |
| Summary, etc. | Un coronel sin nombre ni apellido conocidos, que conserva como su máximo orgullo el haber servido en la guerra civil a las órdenes del jefe revolucionario Aureliano Buendía, envejece en su pueblo mientras aguarda su pensión de veterano. Durante quince años, con puntualidad religiosa, ha ido todos los viernes a recibir en el puerto ribereño la lancha del correo, y cada vez a regresado a su casa con un nuevo desengaño. Así él y su mujer viven en la miseria ilusionados por una pensión que nunca llega, mientras que, de puertas para fuera, el coronel hace milagros para que los vecinos ignoren su penosa situación y de esta manera esquivar las falsas compasiones. |
| 650 14 - SUBJECT ADDED ENTRY--TOPICAL TERM | |
| Topical term or geographic name entry element | Novela colombiana |
| 9 (RLIN) | 25 |
| 650 24 - SUBJECT ADDED ENTRY--TOPICAL TERM | |
| Topical term or geographic name entry element | Literatura colombiana |
| 9 (RLIN) | 23 |
| 650 24 - SUBJECT ADDED ENTRY--TOPICAL TERM | |
| Topical term or geographic name entry element | Esperanza |
| General subdivision | novela |
| 9 (RLIN) | 579 |
| 650 24 - SUBJECT ADDED ENTRY--TOPICAL TERM | |
| Topical term or geographic name entry element | Pensiones militares |
| General subdivision | novela |
| 9 (RLIN) | 580 |
| 942 ## - ADDED ENTRY ELEMENTS (KOHA) | |
| Source of classification or shelving scheme | Dewey Decimal Classification |
| Koha item type | Books |
| Withdrawn status | Lost status | Source of classification or shelving scheme | Damaged status | Not for loan | Collection code | Home library | Current library | Shelving location | Date acquired | Source of acquisition | Cost, normal purchase price | Total Checkouts | Total Renewals | Full call number | Barcode | Date last seen | Date last checked out | Copy number | Price effective from | Koha item type |
|---|---|---|---|---|---|---|---|---|---|---|---|---|---|---|---|---|---|---|---|---|
| Dewey Decimal Classification | Fiction | Biblioteca Pública José María del Castillo y Rada | Biblioteca Pública José María del Castillo y Rada | Processing Center | 05/29/2019 | Donación | 0.00 | 3 | 3 | A-N GARc1 | 201809545 | 05/20/2025 | 04/23/2025 | Ej.1 | 02/13/2020 | Books |